Пропуск в контексте

ACTA BIOMEDICA SCIENTIFICA, 2020, том 5, № 6 международный научный журнал

שמור ב:
מידע ביבליוגרפי
פורמט: Журнал
גישה מקוונת:https://znanium.com/catalog/document?id=376506
https://znanium.com/cover/1461/1461944.jpg
תגים: הוספת תג
אין תגיות, היה/י הראשונ/ה לתייג את הרשומה!
LEADER 01313nam0a2200229 i 4500
001 RU\infra-m\znanium\bibl\1461944
003 https://znanium.com/catalog/document?id=376506
005 20220216000000.0
100 |a 20220216d2021 m y0rusy0150 ca 
101 0 |a rus 
102 |a RU 
200 1 |a ACTA BIOMEDICA SCIENTIFICA, 2020, том 5, № 6  |e международный научный журнал  |e Журнал 
210 1 |a Иркутск  |c Федеральное государственное бюджетное учреждение Восточно-Сибирский научный центр экологии человека СО РАМН  |d 2020 
215 |a 291 с. 
333 |a ВО - Магистратура 
606 |a Медицина. Фармакология  |x Социальная гигиена и организация здравоохранения  |2 local 
608 |a Журнал  |2 local 
675 |a 61  |z rus 
686 |a 5  |2 rubbk 
801 0 |a RU  |b Общество с ограниченной ответственностью «ЗНАНИУМ»  |c 20210402  |2 rusmarc 
856 4 |a znanium.com  |m ebs_support@infra-m.ru  |n НИЦ ИНФРА-М  |u https://znanium.com/catalog/document?id=376506 
856 4 1 |a znanium.com  |d /cover/1461  |f 1461944.jpg  |q image/jpeg  |u https://znanium.com/cover/1461/1461944.jpg